000 00706nam a2200217 i 4500
001 52990
003 ES-MaACL
005 20260316165931.0
007 t|
008 950907s1888 fr ||||1| fre d
040 _aCAM
_bspa
_cCAM
100 1 _aDostoievski, Fiódor,
_d1821-1881
_9242371
245 1 0 _aCelle d'un autre /
_cTh. Dostoïevsky ; traduit du russe par E. Halpérine-Kaminsky et Ch. Morice.
250 _a2e éd.
260 _aParis :
_bE. Plon, Nourrit et Cie.,
_c[1888]
300 _a[4], 260 p. ;
_c18 cm.
700 1 _aGal'perin-Kaminskij, Il'â Danilovic,
_d1858-1936
_9127773
700 1 _aMorice, Charles.
_983545
852 _aES-MaACL
_jD-2022
999 _c52990
_d52990